| 000 | 00516nam a22001577a 4500 | ||
|---|---|---|---|
| 020 | _qHard Cover. | ||
| 082 | _a621.3 | ||
| 100 | _aYounis, Sadia | ||
| 245 |
_aMultiresponse Optimization of a RF-MEMS Switch Considering Residual Stress / _cSadia Younis |
||
| 260 |
_aIslamabad : _bCEME - NUST, _c2017. |
||
| 300 |
_axii, 77 p. : ill. _c30cm. |
||
| 650 |
_aElectrical Engineering-MS-Thesis _916073 |
||
| 700 |
_aDr. Tahir Zaidi _931395 |
||
| 942 |
_2ddc _cTHE |
||
| 999 |
_c540395 _d540395 |
||